Modelos pedagógicos / (Registro nro. 3609)
[ vista simple ]
| 000 -LEADER | |
|---|---|
| fixed length control field | 01213nam a2200277Ia 4500 |
| 003 - CONTROL NUMBER IDENTIFIER | |
| control field | OSt |
| 005 - DATE AND TIME OF LATEST TRANSACTION | |
| control field | 20200901113909.0 |
| 008 - FIXED-LENGTH DATA ELEMENTS--GENERAL INFORMATION | |
| fixed length control field | 191128s1999 ck a gr 000 0dspa d |
| 040 ## - CATALOGING SOURCE | |
| Original cataloging agency | CO-JMCR |
| Transcribing agency | CO-JMCR |
| 041 0# - LANGUAGE CODE | |
| Language code of text/sound track or separate title | spa |
| 082 04 - DEWEY DECIMAL CLASSIFICATION NUMBER | |
| Classification number | 371.3 / |
| Item number | P452m |
| Edition number | 23 |
| 100 1# - MAIN ENTRY--PERSONAL NAME | |
| Personal name | Pernett C., José A., |
| Relator term | autor |
| 9 (RLIN) | 9549 |
| 245 10 - TITLE STATEMENT | |
| Title | Modelos pedagógicos / |
| Statement of responsibility, etc. | José A. Pernett C, Piedad Ramírez P., Jairo Gómez Esteban |
| 250 ## - EDITION STATEMENT | |
| Edition statement | Segunda edición |
| 260 ## - PUBLICATION, DISTRIBUTION, ETC. | |
| Place of publication, distribution, etc. | Bogotá : |
| Name of publisher, distributor, etc. | Universidad Autónoma de Colombia. Dirección de postgrados, |
| Date of publication, distribution, etc. | 1999. |
| 300 ## - PHYSICAL DESCRIPTION | |
| Extent | ix, 181 páginas : |
| Other physical details | ilustraciones a blanco y negro ; |
| Dimensions | 24 cm. |
| 504 ## - BIBLIOGRAPHY, ETC. NOTE | |
| Bibliography, etc. note | Bibliografía : páginas 183. |
| 505 0# - FORMATTED CONTENTS NOTE | |
| Formatted contents note | Modelos pedagógicos y ámbitos de la gestión institucional / José A. Pernett C. -- Iniciativa y cratividad en la planeación de actividades relacionadas con los modelos pedagógicos: una experiencia con maestros / Piedad Ramírez Pardo |
| 650 24 - SUBJECT ADDED ENTRY--TOPICAL TERM | |
| Topical term or geographic name entry element | Metodología en pedagogía |
| 9 (RLIN) | 9550 |
| 650 24 - SUBJECT ADDED ENTRY--TOPICAL TERM | |
| Topical term or geographic name entry element | Métodos de enseñanza |
| 9 (RLIN) | 9551 |
| 650 24 - SUBJECT ADDED ENTRY--TOPICAL TERM | |
| Topical term or geographic name entry element | Innovaciones educativas |
| 9 (RLIN) | 6736 |
| 650 24 - SUBJECT ADDED ENTRY--TOPICAL TERM | |
| Topical term or geographic name entry element | Constructivismo |
| 9 (RLIN) | 9552 |
| 700 1# - ADDED ENTRY--PERSONAL NAME | |
| Personal name | Ramírez P., Piedad, |
| Relator term | autor |
| 9 (RLIN) | 9553 |
| 700 1# - ADDED ENTRY--PERSONAL NAME | |
| Personal name | Gómez Esteban, Jairo, |
| Relator term | autor |
| 9 (RLIN) | 9554 |
| 942 ## - ADDED ENTRY ELEMENTS (KOHA) | |
| Source of classification or shelving scheme | Dewey Decimal Classification |
| Koha item type | Books |
| Withdrawn status | Lost status | Source of classification or shelving scheme | Materials specified (bound volume or other part) | Damaged status | Not for loan | Home library | Current library | Shelving location | Date acquired | Source of acquisition | Total Checkouts | Full call number | Barcode | Date last seen | Date last checked out | Copy number | Price effective from | Koha item type |
|---|---|---|---|---|---|---|---|---|---|---|---|---|---|---|---|---|---|---|
| Dewey Decimal Classification | Donación--10/04/2018-- | Biblioteca Pública José María del Castillo y Rada | Biblioteca Pública José María del Castillo y Rada | General Stacks | 11/28/2019 | Donación | 1 | 371.3 / P452m | 201807480 | 08/11/2025 | 08/08/2025 | Ej.1 | 11/28/2019 | Books |